Ảnh hưởng tư tưởng Lão - Trang trong thơ Nguyễn Trãi : Luận văn Thạc sĩ Văn học chuyên ngành Văn học Việt Nam
Dựa trên những thành tựu cũng như vấn đề chưa được giải quyết một cách triệt để trong thực tiễn nghiên cứu ảnh hưởng tư tưởng Lão-Trang trong thơ Nguyễn Trãi.Khảo sát ,phân tích những biể hiện tư tưởng Lão-trang trong thơ Nguyễn Trãi...
Guardado en:
| Autor principal: | |
|---|---|
| Formato: | Libro |
| Lenguaje: | Undetermined |
| Publicado: |
Cần Thơ
Trường Đại học Cần Thơ
2010
|
| Materias: | |
| Etiquetas: |
Agregar Etiqueta
Sin Etiquetas, Sea el primero en etiquetar este registro!
|
| Thư viện lưu trữ: | Trung tâm Học liệu Trường Đại học Cần Thơ |
|---|
| LEADER | 01616nam a2200229Ia 4500 | ||
|---|---|---|---|
| 001 | CTU_163324 | ||
| 008 | 210402s9999 xx 000 0 und d | ||
| 082 | |a 895.9221009 | ||
| 082 | |b Ph431 | ||
| 088 | |a 60220121 | ||
| 100 | |a Nguyễn, Thanh Phong | ||
| 245 | 0 | |a Ảnh hưởng tư tưởng Lão - Trang trong thơ Nguyễn Trãi : | |
| 245 | 0 | |b Luận văn Thạc sĩ Văn học chuyên ngành Văn học Việt Nam | |
| 245 | 0 | |c Nguyễn Thanh Phong; Nguyễn Kim Châu (Hướng dẫn Khoa học) | |
| 260 | |a Cần Thơ | ||
| 260 | |b Trường Đại học Cần Thơ | ||
| 260 | |c 2010 | ||
| 520 | |a Dựa trên những thành tựu cũng như vấn đề chưa được giải quyết một cách triệt để trong thực tiễn nghiên cứu ảnh hưởng tư tưởng Lão-Trang trong thơ Nguyễn Trãi.Khảo sát ,phân tích những biể hiện tư tưởng Lão-trang trong thơ Nguyễn Trãi ở phương diện nội dung.Xác định mức độ ảnh hưởng tư tưởng Lão-Trang trong thơ Nguyễn Trãi từ đó thử đưa ra những lí giải về nguyên nhân của sự ảnh hưởng này nhắm có cái nhìn tổng quan về tâm sự cảu Nguyễn trãi được gởi gắm qua thơ | ||
| 650 | |a Vietnamese poetry,Thơ Việt Nam | ||
| 650 | |x History and criticism,Lịch sử và phê bình | ||
| 904 | |i Thoa, Hải | ||
| 980 | |a Trung tâm Học liệu Trường Đại học Cần Thơ | ||